<?xml version="1.0" encoding="UTF-8"?><?xml-stylesheet type="text/xsl" href="static/style.xsl"?><OAI-PMH xmlns="http://www.openarchives.org/OAI/2.0/" xmlns:xsi="http://www.w3.org/2001/XMLSchema-instance" xsi:schemaLocation="http://www.openarchives.org/OAI/2.0/ http://www.openarchives.org/OAI/2.0/OAI-PMH.xsd"><responseDate>2026-04-27T15:10:08Z</responseDate><request verb="GetRecord" identifier="oai:uvadoc.uva.es:10324/33734" metadataPrefix="marc">https://uvadoc.uva.es/oai/request</request><GetRecord><record><header><identifier>oai:uvadoc.uva.es:10324/33734</identifier><datestamp>2025-03-26T19:45:06Z</datestamp><setSpec>com_10324_1173</setSpec><setSpec>com_10324_931</setSpec><setSpec>com_10324_894</setSpec><setSpec>col_10324_1372</setSpec></header><metadata><record xmlns="http://www.loc.gov/MARC21/slim" xmlns:doc="http://www.lyncode.com/xoai" xmlns:xsi="http://www.w3.org/2001/XMLSchema-instance" xmlns:dcterms="http://purl.org/dc/terms/" xsi:schemaLocation="http://www.loc.gov/MARC21/slim http://www.loc.gov/standards/marcxml/schema/MARC21slim.xsd">
<leader>00925njm 22002777a 4500</leader>
<datafield tag="042" ind1=" " ind2=" ">
<subfield code="a">dc</subfield>
</datafield>
<datafield tag="720" ind1=" " ind2=" ">
<subfield code="a">Guieysse, Benoit</subfield>
<subfield code="e">author</subfield>
</datafield>
<datafield tag="720" ind1=" " ind2=" ">
<subfield code="a">Quijano Govantes, Guillermo</subfield>
<subfield code="e">author</subfield>
</datafield>
<datafield tag="720" ind1=" " ind2=" ">
<subfield code="a">Muñoz Torre, Raúl</subfield>
<subfield code="e">author</subfield>
</datafield>
<datafield tag="260" ind1=" " ind2=" ">
<subfield code="c">2011</subfield>
</datafield>
<datafield tag="520" ind1=" " ind2=" ">
<subfield code="a">Pneumatically agitated bioreactors take advantage of the injection of a gaseous stream (often air) to provide mixing and mediate transfer of gaseous substances (i.e., O2 and CO2) with the liquid phase. However, unlike in classical pneumatically agitated reactors where liquid mixing is random (i.e., bubble column), the specific design of airlift reactors (ALRs) causes the liquid to circulate between two interconnected zones known as the riser and the downcomer. The riser and the downcomer are connected by a specific reactor base allowing for liquid circulation and by a gas–liquid separator at the top. Under typical operation conditions, air is injected below the riser section and the removal of gas in the separator generates a mean density gradient between the riser and downcomer zones that causes the liquid broth to circulate. The function of the gas separator is to support efficient gas–liquid disengagement. The fraction of gas introduced in the downcomer section depends on design and operational variables. This fraction has a significant effect on fluid dynamics and, consequently, reactor performance.</subfield>
</datafield>
<datafield tag="024" ind2=" " ind1="8">
<subfield code="a">Guieysse B, Quijano G, Muñoz R. Airlift Bioreactors - Bioreactors Design. In: Comprehensive Biotechnology, Second Edition. Edited by: Murray Moo-Young, Elsevier, 2011, volume 2, pp. 199–212.</subfield>
</datafield>
<datafield tag="024" ind2=" " ind1="8">
<subfield code="a">978-0-444-53352-4</subfield>
</datafield>
<datafield tag="024" ind2=" " ind1="8">
<subfield code="a">http://uvadoc.uva.es/handle/10324/33734</subfield>
</datafield>
<datafield tag="024" ind2=" " ind1="8">
<subfield code="a">10.1016/B978-0-08-088504-9.00095-7</subfield>
</datafield>
<datafield tag="024" ind2=" " ind1="8">
<subfield code="a">Comprehensive Biotechnology</subfield>
</datafield>
<datafield tag="245" ind1="0" ind2="0">
<subfield code="a">Airlift Bioreactors - Bioreactors Design</subfield>
</datafield>
</record></metadata></record></GetRecord></OAI-PMH>